000 004470000a22001810004500
041 0 _aSPA
082 0 4 _aG 232 H658j
100 1 _aHimitian, Jorge
245 1 0 _aJesucristo el Señor / Jorge Himitian
260 _aBuenos Aires, Argentina : Logos
300 _a159 Pag
650 1 4 _aJESUCRISTO
001 3602
942 _cBK
999 _c34250
_d34250
336 _atexto
_btxt
_2rdacontent
337 _2rdamedia
_asin mediación
_bn
338 _2rdacarrier
_avolumen
_bnc